000 00282nam a2200109Ia 4500
008 190216s9999||||xx |||||||||||||| ||und||
100 _aChangampuzha Krishan Pillai
245 0 _aManiveena
260 _b"Sree Ram Vilas Press & Book Depot,Quilon"
650 _aKavithkal
942 _cBK
999 _c23863
_d23863